[Event "CRO-chT2 East"]
[Site "Osijek"]
[Date "2013.10.13"]
[Round "9.33"]
[White "Jovanovic, Radivoje"]
[Black "Talic, Adam"]
[Result "0-1"]
[WhiteElo "1822"]
[BlackElo "1828"]
[PlyCount "64"]
[EventDate "2013.04.20"]
[EventType "team-tourn"]
[EventRounds "11"]
[EventCountry "CRO"]
[SourceTitle "EXT 2023"]
[Source "ChessBase"]
[SourceDate "2022.10.05"]
[SourceVersion "1"]
[SourceVersionDate "2022.10.05"]
[SourceQuality "1"]

1. d4 d5 2. e3 Nf6 3. c4 e6 4. Nc3 c5 5. dxc5 Bxc5 6. cxd5 exd5 7. Nf3 0-0 8. Be2 Bf5 9. 0-0 Nc6 10. a3 a6 11. b4 Ba7 12. Bb2 Rc8 13. Rc1 Re8 14. Na4 Ne4 15. Nd4 Nxd4 16. Bxd4 Rxc1 17. Qxc1 Bxd4 18. exd4 Qd7 19. Bd1 b5 20. Nc5 Nxc5 21. Qxc5 Bd3 22. Be2 Rxe2 23. Rc1 Bc4 24. f3 Qe7 25. h3 h6 26. Qc8+ Qe8 27. Qxa6 Qe3+ 28. Kh2 Qf4+ 29. Kg1 Qxc1+ 30. Kh2 Qf4+ 31. Kg1 Re1+ 32. Kf2 Rf1# 0-1

[Event "CRO-chT2 East"]
[Site "Osijek"]
[Date "2013.05.11"]
[Round "4.64"]
[White "Talic, Adam"]
[Black "Djuric, Milan"]
[Result "1-0"]
[WhiteElo "1828"]
[BlackElo "2011"]
[PlyCount "143"]
[EventDate "2013.04.20"]
[EventType "team-tourn"]
[EventRounds "11"]
[EventCountry "CRO"]
[SourceTitle "EXT 2023"]
[Source "ChessBase"]
[SourceDate "2022.10.05"]
[SourceVersion "1"]
[SourceVersionDate "2022.10.05"]
[SourceQuality "1"]

1. e4 Nf6 2. Nc3 d6 3. Nf3 g6 4. Bc4 Bg7 5. 0-0 c6 6. d4 b5 7. Bb3 b4 8. e5 dxe5 9. dxe5 Qxd1 10. Nxd1 Nd5 11. h3 e6 12. Bd2 a5 13. a3 Ba6 14. Re1 Bf8 15. axb4 axb4 16. Ne3 Nb6 17. Ng4 N8d7 18. Nf6+ Nxf6 19. exf6 Nd7 20. Ba4 Bb7 21. Ne5 Nxe5 22. Rxe5 0-0-0 23. Be3 Bd6 24. Ra5 Kc7 25. Bc5 Bxc5 26. Rxc5 Kb6 27. Rc4 c5 28. c3 Bd5 29. Rh4 bxc3 30. bxc3 h5 31. Rb1+ Kc7 32. Bc2 c4 33. Rd4 g5 34. Be4 Kc6 35. Rxc4+ Kd6 36. Rd4 Ke5 37. Rb5 Kxf6 38. Bxd5 exd5 39. Rdxd5 Rxd5 40. Rxd5 Rc8 41. Rd3 Ke5 42. Kf1 f5 43. Ke2 Rc4 44. Re3+ Kd5 45. Kd3 Ra4 46. Re2 h4 47. Rb2 Kc5 48. g3 hxg3 49. fxg3 Ra7 50. Re2 Rd7+ 51. Kc2 Rf7 52. Re8 f4 53. gxf4 gxf4 54. Re2 Rh7 55. Rh2 Kc4 56. h4 Ra7 57. Rh3 Ra2+ 58. Kd1 Rg2 59. h5 Rg7 60. h6 Rh7 61. Kd2 Kd5 62. Kd3 Ke5 63. Rh5+ Kf6 64. Ke4 Kg6 65. Rh3 Kg5 66. Kf3 Kf5 67. c4 Kg5 68. c5 Kf5 69. c6 Kg6 70. Kxf4 Kf6 71. Rh2 Kg6 72. Ke5 1-0